000 00629nam a22001937a 4500
005 20170728155344.0
010 _aENG-119462
020 _a9789382749424
_c200.00
035 _aEN-102994
037 _bDBAD/PUB
082 _a881
100 _aZingone,Zingonia
245 _aLight the temptation /
_cby Zingonia Zingone ; trancleted by Maria Pallais
260 _aMumbai
_bPoetrywala imprint of paperwall Media & Publishing
_c2015
270 _aD1201,Octacrest,LokhandwalaTownship,Kandivali
_bMumbai
_e400101
300 _aix,67p.
_b
_c22cm(pbk)
700 _aPallais,Maria,
942 _2ddc
_cEN
_h881
_mZIN
999 _c142964
_d142964